<?xml version="1.0" encoding="UTF-8"?>
<record
    xmlns:xsi="http://www.w3.org/2001/XMLSchema-instance"
    xsi:schemaLocation="http://www.loc.gov/MARC21/slim http://www.loc.gov/standards/marcxml/schema/MARC21slim.xsd"
    xmlns="http://www.loc.gov/MARC21/slim">

  <leader>00399nam a22001457a 4500</leader>
  <datafield tag="020" ind1=" " ind2=" ">
    <subfield code="a">9781498728133</subfield>
  </datafield>
  <datafield tag="040" ind1=" " ind2=" ">
    <subfield code="c">NUST</subfield>
  </datafield>
  <datafield tag="082" ind1=" " ind2=" ">
    <subfield code="a">620.1126 AND</subfield>
  </datafield>
  <datafield tag="100" ind1=" " ind2=" ">
    <subfield code="a"> Anderson, T. L</subfield>
    <subfield code="9">74305</subfield>
  </datafield>
  <datafield tag="245" ind1=" " ind2=" ">
    <subfield code="a">Fracture Mechanics : </subfield>
    <subfield code="b">Fundamentals and Applications</subfield>
  </datafield>
  <datafield tag="250" ind1=" " ind2=" ">
    <subfield code="a">4th Edition</subfield>
  </datafield>
  <datafield tag="260" ind1=" " ind2=" ">
    <subfield code="a">Boca Raton:</subfield>
    <subfield code="b">CRC Press,</subfield>
    <subfield code="c">2017.</subfield>
  </datafield>
  <datafield tag="650" ind1=" " ind2=" ">
    <subfield code="a">Fracture Mechanics .NUSTTB2022</subfield>
    <subfield code="9">102884</subfield>
  </datafield>
  <datafield tag="942" ind1=" " ind2=" ">
    <subfield code="2">ddc</subfield>
    <subfield code="c">BK</subfield>
  </datafield>
  <datafield tag="999" ind1=" " ind2=" ">
    <subfield code="c">591419</subfield>
    <subfield code="d">591419</subfield>
  </datafield>
  <datafield tag="952" ind1=" " ind2=" ">
    <subfield code="0">0</subfield>
    <subfield code="1">0</subfield>
    <subfield code="2">ddc</subfield>
    <subfield code="4">0</subfield>
    <subfield code="7">0</subfield>
    <subfield code="a">CEME</subfield>
    <subfield code="b">CEME</subfield>
    <subfield code="c">GEN</subfield>
    <subfield code="d">2022-09-14</subfield>
    <subfield code="l">0</subfield>
    <subfield code="o">620.1126 AND</subfield>
    <subfield code="p">CEME-50847</subfield>
    <subfield code="r">2022-09-14</subfield>
    <subfield code="w">2022-09-14</subfield>
    <subfield code="y">BK</subfield>
  </datafield>
  <datafield tag="952" ind1=" " ind2=" ">
    <subfield code="0">0</subfield>
    <subfield code="1">0</subfield>
    <subfield code="2">ddc</subfield>
    <subfield code="4">0</subfield>
    <subfield code="7">0</subfield>
    <subfield code="a">CEME</subfield>
    <subfield code="b">CEME</subfield>
    <subfield code="c">GEN</subfield>
    <subfield code="d">2022-10-11</subfield>
    <subfield code="l">0</subfield>
    <subfield code="o">280 SCB</subfield>
    <subfield code="p">CEME-50847-A</subfield>
    <subfield code="r">2022-10-11</subfield>
    <subfield code="w">2022-10-11</subfield>
    <subfield code="y">BK</subfield>
  </datafield>
</record>
